000 00608nam a2200193Ia 4500
003 GCL
008 140319s9999 xx 000 0 ara d
040 _aGCL /
_cGCL
082 0 4 _a362.78
_bا خ
100 1 _aاقبال محمد بشير
245 1 0 _aالخدمة الاجتماعية ورعاية المعوقين /
_cاقبال محمد بشير
700 1 _aاقبال ابراهيم مخلوف
260 _a[S.N] :
_bالمكتبة الجامعيةالحديثة
300 _a74
490 _a
650 0 4 _aالخدمة الاجتماعية
650 0 4 _aالمعوقون
942 _2ddc
_cBK
999 _c55027
_d55027